Management in Africa : (Record no. 4687)
[ view plain ]
| 000 -LEADER | |
|---|---|
| fixed length control field | 00713cam a2200217 a 4500 |
| 001 - CONTROL NUMBER | |
| control field | 17305045 |
| 005 - DATE AND TIME OF LATEST TRANSACTION | |
| control field | 20250311105814.0 |
| 008 - FIXED-LENGTH DATA ELEMENTS--GENERAL INFORMATION | |
| fixed length control field | 120518s2013 nyua b 001 0 eng |
| 020 ## - INTERNATIONAL STANDARD BOOK NUMBER | |
| International Standard Book Number | 9780415536462 (hbk. : alk. paper) |
| 020 ## - INTERNATIONAL STANDARD BOOK NUMBER | |
| International Standard Book Number | 9780203111482 (ebook) |
| 050 00 - LIBRARY OF CONGRESS CALL NUMBER | |
| Classification number | HD70.A34 |
| Item number | M347 2013 |
| 082 00 - DEWEY DECIMAL CLASSIFICATION NUMBER | |
| Classification number | 658.0096 |
| Edition information | 23 |
| 245 00 - TITLE STATEMENT | |
| Title | Management in Africa : |
| Remainder of title | macro and micro perspectives / |
| Statement of responsibility, etc. | edited by Terri R. Lituchy, Betty Jane Punnett and Bill Buenar Puplampu. |
| 260 ## - PUBLICATION, DISTRIBUTION, ETC. | |
| Place of publication, distribution, etc. | New York : |
| Name of publisher, distributor, etc. | Routledge, |
| Date of publication, distribution, etc. | 2013. |
| 300 ## - PHYSICAL DESCRIPTION | |
| Extent | xix,328 p. : |
| Other physical details | ill. ; |
| Dimensions | 24 cm. |
| 650 #0 - SUBJECT ADDED ENTRY--TOPICAL TERM | |
| Topical term or geographic name entry element | Management |
| Geographic subdivision | Africa. |
| 700 1# - ADDED ENTRY--PERSONAL NAME | |
| Personal name | Lituchy, Terri R. |
| 700 1# - ADDED ENTRY--PERSONAL NAME | |
| Personal name | Punnett, Betty Jane. |
| 700 1# - ADDED ENTRY--PERSONAL NAME | |
| Personal name | Puplampu, Bill B. |
| 942 ## - ADDED ENTRY ELEMENTS (KOHA) | |
| Source of classification or shelving scheme | Library of Congress Classification |
| Koha item type | Books |
| Suppress in OPAC | No |
| 999 ## - | |
| -- | 4687 |
| -- | 4687 |
| Withdrawn status | Lost status | Source of classification or shelving scheme | Damaged status | Not for loan | Collection | Home library | Current library | Shelving location | Date acquired | Total checkouts | Full call number | Barcode | Date last seen | Copy number | Price effective from | Koha item type |
|---|---|---|---|---|---|---|---|---|---|---|---|---|---|---|---|---|
| Library of Congress Classification | Non-fiction | Business Library (Miotso) | Business Library (Miotso) | General stacks | 04/28/2025 | HD70 .A34M347 MAN | BSSM00002142 | 04/28/2025 | 3 | 04/28/2025 | Books | |||||
| Library of Congress Classification | Non-fiction | Business Library (Miotso) | Business Library (Miotso) | General stacks | 04/28/2025 | HD70 .A34M347 MAN | BSSM00002143 | 04/28/2025 | 4 | 04/28/2025 | Books | |||||
| Library of Congress Classification | Non-fiction | Business Library (Miotso) | Business Library (Miotso) | General stacks | 04/28/2025 | HD70 .A34M347 MAN | BSSM00002144 | 04/28/2025 | 5 | 04/28/2025 | Books | |||||
| Library of Congress Classification | Non-fiction | Business Library (Miotso) | Business Library (Miotso) | General stacks | 04/28/2025 | HD70 .A34M347 MAN | BSSM00002145 | 04/28/2025 | 6 | 04/28/2025 | Books | |||||
| Library of Congress Classification | Non-fiction | Undergraduate Library (Christ Temple) | Undergraduate Library (Christ Temple) | General stacks | 03/11/2025 | HD70.A34M347 MAN | ulct00001642 | 03/11/2025 | 1 | 03/11/2025 | Books | |||||
| Library of Congress Classification | Non-fiction | Undergraduate Library (Christ Temple) | Undergraduate Library (Christ Temple) | General stacks | 03/17/2025 | HD70.A34M347 MAN | ulct00001743 | 03/17/2025 | 1 | 03/17/2025 | Books |